Capitaine inazuma - Statistiques

Statistiques générales
  • Ce quiz a été pris 107 fois
  • Le résultat moyen est 34 sur 112
Statistiques - réponses
Hint Réponse % Correct
Raimon Mark Evans
100%
Royal académie(1) Jude Sharp
96%
Chō Kinunzu | Inazuma Japon Évolution | Tonegawa Tōsen Mark Evans
84%
Robots de Garde Robot S
79%
Zeus Byron Love
67%
Nouvelle Royal Academy Caleb Stonewall
63%
Epsilon Dvalin
59%
Chaos | Prominence Torch
57%
Genesis Xene
57%
Little Gigantes Hector Hélio
56%
Orphée Hidetoshi Nakata
56%
Tempête des Gémeaux Janus
56%
Empereurs Noirs Nathan Swift
56%
Diamond Dust Gazelle
55%
El Dorado 2 | Les Chevaliers de la Table Ronde | Raimon(Go) Riccardo Di Rigo
53%
Cybertech Thomas Feldt
53%
Occulte Talisman
52%
Royal Academy(ares) David Samford
51%
Knights of Queen Edgar Partinus
49%
Rois du Football Mac Robingo
49%
Sky Team Sael
49%
Dark team Destra
48%
Kirkwood Marvin Murdock
48%
Chevaliers Noirs | El Dorado 1 | Falam Medius Victor Blade
48%
Protocole Oméga 2.0 beta
47%
Les Empereurs Thiago Torres
47%
Protocole Oméga Alpha
45%
El Dorado 3 | Famille Oda | Inazuma National | +3 others Arion Sherwind
45%
Protocole Oméga 3.0 Gamma
45%
Les orgres Bash lancer
41%
Néo Japon Dave Quagmire
41%
Zoolan Team Phil A.Minion
41%
Lumière Éternelle Bailong
40%
Ombre Ancestrale Tezcat
40%
Licornes Mark Kruger
37%
Alpin Shawn Froste
37%
Zan | Zanark Domination Zanark Avalonic
37%
Lions du Désert Bilal Kalil
36%
Collège Universel Sol Daystar
36%
Dragons de Feu Changsu Choi
35%
Kirkwood Marvin Murdock
33%
Alpin(ares) Shawn Froste
33%
Alliance du Dragon Quentin Cinquedea
31%
Ragna Siméon Ayp
28%
Gahl Fei Rune
27%
Big Waves Dauphin
25%
Baie des Pirates Davy Jones
25%
École Alia Xavier Foster
25%
Mary Times Cadence Soundtown
23%
Collège des Mirages Harrold Houdini
23%
Excellence Ar Ecks
21%
Mont Olympe Cronus Fourseasons
20%
Gihl Mehr
19%
Shuriken Sail Bluesea
19%
Kirkwood (Go) Bay Laurel
17%
Roses du Désespoir Aster
16%
Cybertech(ares) Neil Turner
16%
Mers Lunaires Alessandro il Grande
15%
Royal Académie(2) Daniel Hatch
15%
Ōtei Tsukinomiya (Sélène) Heath Moore
15%
Foi Toute-Puissante Infinity Beyond
15%
Force Spéciale A5 Mike
15%
Enfants Sauvages Vulpeen
15%
Enfants de la Nuit | Traqueurs Nocturnes Drakul
13%
Otaku Light Nobel
12%
Collège des Surdoués Dave Inchy
11%
Wild Hugo Tallgeese
11%
Armada Ixar Ozrock Boldar
11%
Voie Lactée Jimmy Kyrk
9%
École Polaris Acker Reese
8%
Onze de Magmavia Aoba Gyr
8%
Bande du Cerf Blanc Taian Inaba
8%
Terria Tom Walters
8%
Alpin (Go) Wolfe Whyte
8%
Onze de Silica K-aran Uogu
7%
Onze de Naiadi Plink Powai
7%
Onze Galactique Jean-Pierre Lapin
5%
Muteki no Jaianto Clario Orvan
4%
Big Waves (GO) Cole LaRuze
4%
Statues d'Argile Statue d'Argile 1
4%
Etānaru Dansāzu Anahan Imusu
3%
Royal Academy(Go) Preston Princeton
3%
Sabres Arides Said Ashraf
3%
Onze de Fertilia Stag Kwatta
3%
Ōre de Sanba Arthur
1%
Sakkā Zatsugi Dan Chau Shin
1%
Loups d'ozbekistan Dmitri Sobirov
1%
Arabu no Hinotori Gundan Farukon Ari
1%
Robots de Surveillance FB-101X
1%
Pāfekuto Supāku Furoi Girikanan
1%
Tigres de Thaïlande Napa Radāmu
1%
Guardians of Queen Petronio Patti
1%
Shainingu Satanzu Satan Gaul
1%
Reddo Bison Seok Min-Woo
1%
Dragons de Feu Lee Chunyun
0%
Bastion Sebastian Fortwright
0%
Navy Invader Yoga
0%
Shadow of Orion Yurika Beor
0%
Aucun quiz correspondant
Distribution des résultats
% des personnes avec chaque résultat
Percentile par nombre de réponses
Votre historique - résultats
Vous n’avez pas pris ce quiz